[Event "BL2-Sued 2223"]
[Site "Germany"]
[Date "2023.03.18"]
[Round "9.7"]
[White "Gibicar, Danijel"]
[Black "Perske, Paul"]
[Result "1/2-1/2"]
[WhiteElo "2291"]
[BlackElo "2104"]
[PlyCount "67"]
[EventDate "2022.10.22"]
[EventType "team-tourn"]
[EventRounds "9"]
[EventCountry "GER"]
[SourceTitle "EXT 2024"]
[Source "ChessBase"]
[SourceDate "2023.10.10"]
[SourceVersion "1"]
[SourceVersionDate "2023.10.10"]
[SourceQuality "1"]
[WhiteTeam "Eppingen"]
[BlackTeam "Heidesheim"]
[WhiteTeamCountry "GER"]
[BlackTeamCountry "GER"]

1. e4 e5 2. Nf3 Nc6 3. Bb5 a6 4. Ba4 Nf6 5. d3 b5 6. Bb3 Be7 7. 0-0 d6 8. c3 0-0 9. Re1 Re8 10. Nbd2 Bf8 11. Nf1 h6 12. Ng3 Na5 13. Bc2 c5 14. h3 Nc6 15. d4 Qc7 16. Be3 Bd7 17. Rc1 Qb7 18. Bb1 a5 19. Qd2 a4 20. d5 Na5 21. Nh4 Nc4 22. Qe2 g6 23. Rcd1 Nxe3 24. Qxe3 Bg7 25. Nf3 c4 26. a3 Bc8 27. Nd2 Qa7 28. Qxa7 Rxa7 29. Ne2 Rae7 30. Kh2 Nd7 31. g3 Nc5 32. Ng1 h5 33. Kg2 Bh6 34. Nf1 1/2-1/2

[Event "BL2-Sued 2223"]
[Site "Germany"]
[Date "2022.11.27"]
[Round "4.7"]
[White "Degenhard, Simon"]
[Black "Gibicar, Danijel"]
[Result "1/2-1/2"]
[WhiteElo "2178"]
[BlackElo "2291"]
[PlyCount "65"]
[EventDate "2022.10.22"]
[EventType "team-tourn"]
[EventRounds "9"]
[EventCountry "GER"]
[SourceTitle "EXT 2024"]
[Source "ChessBase"]
[SourceDate "2023.10.10"]
[SourceVersion "1"]
[SourceVersionDate "2023.10.10"]
[SourceQuality "1"]
[WhiteTeam "Heilbronn"]
[BlackTeam "Eppingen"]
[WhiteTeamCountry "GER"]
[BlackTeamCountry "GER"]

1. e4 e6 2. d4 d5 3. Nc3 dxe4 4. Nxe4 Nd7 5. Nf3 Ngf6 6. Nxf6+ Nxf6 7. Bg5 h6 8. Bh4 Be7 9. Bd3 c5 10. dxc5 Qa5+ 11. Qd2 Qxc5 12. 0-0-0 0-0 13. Qe2 Qh5 14. Rhg1 Qa5 15. Kb1 Qb6 16. c4 Rd8 17. Ne5 Kf8 18. f4 Nd7 19. Bxe7+ Kxe7 20. Rge1 Nxe5 21. Qxe5 Qd4 22. Qh5 Bd7 23. f5 Rac8 24. Re4 Qc5 25. Qh4+ Kf8 26. Bc2 exf5 27. Red4 Qe7 28. Qxe7+ Kxe7 29. Rxd7+ Rxd7 30. Rxd7+ Kxd7 31. Bxf5+ Kc7 32. Bxc8 Kxc8 33. Kc2 1/2-1/2

[Event "BL2-Sued 2122"]
[Site "Germany"]
[Date "2022.05.14"]
[Round "5.6"]
[White "Boguslawski, Oleg"]
[Black "Gibicar, Danijel"]
[Result "0-1"]
[WhiteElo "2379"]
[BlackElo "2261"]
[PlyCount "66"]
[EventDate "2022.03.05"]
[EventType "team-tourn"]
[EventRounds "10"]
[EventCountry "GER"]
[SourceTitle "EXT 2023"]
[Source "ChessBase"]
[SourceDate "2022.10.05"]
[SourceVersion "1"]
[SourceVersionDate "2022.10.05"]
[SourceQuality "1"]
[WhiteTeam "Speyer Schwegenheim"]
[BlackTeam "Eppingen"]
[WhiteTeamCountry "GER"]
[BlackTeamCountry "GER"]

1. e4 e6 2. d4 d5 3. Nc3 Bb4 4. e5 c5 5. a3 Bxc3+ 6. bxc3 Ne7 7. h4 Qc7 8. h5 h6 9. Rh3 Bd7 10. Qg4 Nf5 11. Bd2 Nc6 12. Nf3 0-0-0 13. Bd3 Rhg8 14. Kf1 c4 15. Bxf5 exf5 16. Qf4 Ne7 17. a4 Qa5 18. Nh4 Be6 19. Bc1 g5 20. hxg6 fxg6 21. Ba3 g5 22. Qd2 Nc6 23. Nf3 g4 24. Rxh6 gxf3 25. Rxe6 Rxg2 26. Qh6 Rdg8 27. Rxc6+ Kb8 28. Bd6+ Ka8 29. Rc8+ Rxc8 30. e6 Qxc3 31. Rc1 Qxd4 32. Bg3 c3 33. Re1 Qc4+ 0-1

[Event "EU-Cup 36th"]
[Site "Struga"]
[Date "2021.09.20"]
[Round "3.3"]
[White "Gibicar, Danijel"]
[Black "Thorhallsson, Simon"]
[Result "0-1"]
[WhiteElo "2271"]
[BlackElo "2237"]
[PlyCount "102"]
[EventDate "2021.09.18"]
[EventType "team-swiss"]
[EventRounds "7"]
[EventCountry "MKD"]
[SourceTitle "CBM 204 Extra"]
[Source "ChessBase"]
[SourceDate "2021.11.30"]
[SourceVersion "1"]
[SourceVersionDate "2021.11.30"]
[SourceQuality "1"]
[WhiteTeam "Echternach Sprenger"]
[BlackTeam "Viking CC"]
[WhiteTeamCountry "LUX"]
[BlackTeamCountry "ISL"]

1. e4 e6 2. d4 d5 3. Nc3 Bb4 4. e5 c5 5. a3 Bxc3+ 6. bxc3 Ne7 7. Nf3 b6 8. Bb5+ Bd7 9. Bd3 Ba4 10. h4 c4 11. Be2 Na6 12. h5 h6 13. 0-0 Qd7 14. Re1 0-0-0 15. Nh2 Nc7 16. Bf4 Kb7 17. Nf1 Rdf8 18. Bg4 Nf5 19. Bh3 Rfg8 20. g4 Ne7 21. Bg3 g6 22. Ne3 gxh5 23. gxh5 Ka6 24. Kh2 Nf5 25. Nxf5 exf5 26. Bh4 Ne6 27. Bf6 Nf4 28. Bf1 Rh7 29. Qf3 Rg4 30. Rac1 Nxh5 31. Bh3 Nxf6 32. exf6 h5 33. Re5 Bc6 34. Qxf5 Qxf5 35. Rxf5 Rh4 36. Rg1 Bd7 37. Rf3 Bxh3 38. Rxh3 Rxh3+ 39. Kxh3 Rh6 40. Rg5 Rxf6 41. Rxh5 Rxf2 42. Re5 Rxc2 43. a4 Rxc3+ 44. Kg2 Rd3 45. Re7 c3 46. Rc7 Rxd4 47. Rxc3 Rxa4 48. Rf3 Re4 49. Rxf7 b5 50. Kf3 Re8 51. Rf6+ Ka5 0-1

[Event "BL2-Sued 1920"]
[Site "Germany"]
[Date "2019.12.08"]
[Round "6.5"]
[White "Hauser, Carlos"]
[Black "Gibicar, Danijel"]
[Result "1/2-1/2"]
[WhiteElo "2261"]
[BlackElo "2242"]
[PlyCount "76"]
[EventDate "2019.10.19"]
[EventType "team-tourn"]
[EventRounds "11"]
[EventCountry "GER"]
[SourceTitle "CBM 194 Extra"]
[Source "ChessBase"]
[SourceDate "2020.03.31"]
[SourceVersion "1"]
[SourceVersionDate "2020.03.31"]
[SourceQuality "1"]
[WhiteTeam "Walldorf"]
[BlackTeam "Eppingen"]
[WhiteTeamCountry "GER"]
[BlackTeamCountry "GER"]

1. d4 Nf6 2. c4 c5 3. d5 b5 4. cxb5 a6 5. bxa6 g6 6. Nc3 Bxa6 7. g3 d6 8. Bg2 Nbd7 9. Nf3 Nb6 10. b3 Bg7 11. Rb1 Bb7 12. Nh4 0-0 13. 0-0 Qc7 14. Re1 Rfb8 15. Bb2 Ba6 16. Nf3 Nfd7 17. h4 Ne5 18. h5 Nbd7 19. Nxe5 Nxe5 20. Qc1 Qa5 21. h6 Bh8 22. Na4 Bb5 23. Bc3 Qa7 24. Bxe5 Bxe5 25. Nc3 Bd7 26. Qc2 Qa5 27. Na4 Qb4 28. Be4 Ra7 29. Bd3 Qg4 30. Qc4 Qxc4 31. Bxc4 Rb4 32. Rbc1 f5 33. e3 Kf7 34. Re2 Bxa4 35. bxa4 Raxa4 36. Bb3 Ra3 37. f4 Bf6 38. Kf2 Ra7 1/2-1/2

[Event "EU-Cup 35th"]
[Site "Ulcinj"]
[Date "2019.11.16"]
[Round "7.12"]
[White "Gibicar, Danijel"]
[Black "Brunner, Lucas"]
[Result "1/2-1/2"]
[WhiteElo "2229"]
[BlackElo "2441"]
[PlyCount "163"]
[EventDate "2019.11.10"]
[EventType "team-swiss"]
[EventRounds "7"]
[EventCountry "MNE"]
[SourceTitle "CBM 193 Extra"]
[Source "ChessBase"]
[SourceDate "2020.01.31"]
[SourceVersion "1"]
[SourceVersionDate "2020.01.31"]
[SourceQuality "1"]
[WhiteTeam "Echternach Sprenger"]
[BlackTeam "Zuerich SG"]
[WhiteTeamCountry "LUX"]
[BlackTeamCountry "SUI"]

1. e4 c5 2. Nf3 Nc6 3. d4 cxd4 4. Nxd4 g6 5. Be2 Bg7 6. Nb3 Nf6 7. Nc3 d6 8. Be3 0-0 9. f4 a5 10. a4 Be6 11. 0-0 Bxb3 12. cxb3 e6 13. Bf3 Qe7 14. Qe1 d5 15. Bf2 dxe4 16. Nxe4 Nxe4 17. Qxe4 Rfd8 18. Rfd1 Bxb2 19. Rab1 Qf6 20. Kh1 Rxd1+ 21. Rxd1 Rd8 22. Rxd8+ Qxd8 23. h3 Bd4 24. Bg3 Bc5 25. Qc2 Qd4 26. Qd1 Qe3 27. Bh2 Nd4 28. Bg1 Qxb3 29. Bxd4 Qxd1+ 30. Bxd1 Bxd4 31. Be2 Bf2 32. g4 Be3 33. f5 exf5 34. gxf5 g5 35. Kg2 f6 36. Kf3 Bc5 37. Ke4 Kf7 38. Kd5 Bf2 39. Kd6 Ke8 40. Kc7 b6 41. Kd6 Bc5+ 42. Ke6 Bd4 43. Kd5 Bc3 44. Ke6 Kd8 45. Kd6 Kc8 46. Ba6+ Kb8 47. Be2 Kc8 48. Ba6+ Kd8 49. Be2 Bb2 50. Kc6 Bd4 51. Kd5 Bc3 52. Kc6 Ke7 53. Kd5 Kd7 54. Bb5+ Kc7 55. Be2 Be5 56. Bb5 h5 57. Be2 h4 58. Ke4 g4 59. hxg4 Bd6 60. Kf3 h3 61. Bb5 Be5 62. Bf1 Kd6 63. Bb5 Kd5 64. Bf1 Kd4 65. Bb5 Bd6 66. Bf1 h2 67. Kg2 Ke4 68. Bb5 Ke3 69. Bc4 Be5 70. Bb5 Kd4 71. Bc6 Kc5 72. Bb5 Kd6 73. Bc4 Ke7 74. Bb5 Kf8 75. Bc4 Kg7 76. Be2 Kh6 77. Bb5 Kg5 78. Be2 Kh4 79. Bd1 b5 80. axb5 Bc7 81. b6 Bxb6 82. Kxh2 1/2-1/2

[Event "Trieste op 21st"]
[Site "Trieste"]
[Date "2019.09.02"]
[Round "4"]
[White "Plenca, Jadranko"]
[Black "Gibicar, Danijel"]
[Result "1/2-1/2"]
[WhiteElo "2462"]
[BlackElo "2255"]
[PlyCount "103"]
[EventDate "2019.08.31"]
[EventType "swiss"]
[EventRounds "9"]
[EventCountry "ITA"]
[SourceTitle "EXT 2020"]
[Source "ChessBase"]
[SourceDate "2019.10.17"]
[SourceVersion "1"]
[SourceVersionDate "2019.10.17"]
[SourceQuality "1"]

1. e4 e6 2. d4 d5 3. Nd2 Nc6 4. Ngf3 Nf6 5. e5 Nd7 6. Be2 f6 7. exf6 Qxf6 8. Nf1 Bd6 9. Ne3 0-0 10. 0-0 Qg6 11. c4 Nf6 12. c5 Be7 13. Bb5 Bd7 14. a4 a5 15. Bxc6 Bxc6 16. Ne5 Qe8 17. Qc2 Rc8 18. b3 b5 19. Bd2 b4 20. f3 Bb7 21. Rae1 Ba6 22. Rf2 c6 23. Qd1 Bd8 24. g3 Bc7 25. Ng2 Bxe5 26. Rxe5 Nd7 27. Re1 e5 28. Bf4 e4 29. Bd6 Rf7 30. Qc2 Nf6 31. Be5 Nd7 32. Bd6 Nf6 33. Nf4 Qd7 34. Be5 g5 35. Ng2 exf3 36. Rxf3 Ne4 37. Rxf7 Qxf7 38. h4 h6 39. Rxe4 dxe4 40. Qxe4 Qf1+ 41. Kh2 Bd3 42. Qe3 Qe2 43. hxg5 Qxe3 44. Nxe3 hxg5 45. Bf6 g4 46. Kg1 Kf7 47. Be5 Ke6 48. Kf2 Rf8+ 49. Ke1 Rf3 50. Kd2 Rxe3 51. Kxe3 Bc2 52. Bc7 1/2-1/2

[Event "Pardubice Czech op-A 30th"]
[Site "Pardubice"]
[Date "2019.07.24"]
[Round "6"]
[White "Gibicar, Danijel"]
[Black "Buchcar, Tomas"]
[Result "1-0"]
[WhiteElo "2273"]
[BlackElo "2141"]
[PlyCount "57"]
[EventDate "2019.07.19"]
[EventType "swiss"]
[EventRounds "9"]
[EventCountry "CZE"]
[SourceTitle "CBM 191"]
[Source "ChessBase"]
[SourceDate "2019.08.31"]
[SourceVersion "1"]
[SourceVersionDate "2019.08.31"]
[SourceQuality "1"]

1. e4 d6 2. d4 Nf6 3. Nc3 e5 4. Nf3 Nbd7 5. g4 Nxg4 6. Rg1 exd4 7. Nxd4 Nde5 8. h3 Nh2 9. Be2 c5 10. Nf5 g6 11. Bg5 f6 12. Bf4 gxf5 13. Bxe5 Nf3+ 14. Bxf3 fxe5 15. exf5 Qh4 16. Qd5 h5 17. 0-0-0 Qf4+ 18. Kb1 Qxf5 19. Nb5 Qd7 20. Qd3 Kd8 21. Qg6 Qe6 22. Qg5+ Be7 23. Qg7 Rh6 24. Bd5 Qf6 25. Qg8+ Qf8 26. Qg3 Be6 27. Bxe6 Rxe6 28. Qb3 Qf6 29. Rg8+ 1-0

[Event "Pardubice Czech op-A 30th"]
[Site "Pardubice"]
[Date "2019.07.23"]
[Round "5"]
[White "Galicek, Stanislav"]
[Black "Gibicar, Danijel"]
[Result "1/2-1/2"]
[WhiteElo "2140"]
[BlackElo "2273"]
[PlyCount "127"]
[EventDate "2019.07.19"]
[EventType "swiss"]
[EventRounds "9"]
[EventCountry "CZE"]
[SourceTitle "CBM 191"]
[Source "ChessBase"]
[SourceDate "2019.08.31"]
[SourceVersion "1"]
[SourceVersionDate "2019.08.31"]
[SourceQuality "1"]

1. d4 Nf6 2. Nf3 g6 3. g3 c5 4. c4 Bg7 5. Bg2 0-0 6. 0-0 cxd4 7. Nxd4 Nc6 8. Nc3 Ng4 9. e3 d6 10. h3 Nh6 11. Nde2 Bd7 12. e4 f5 13. Nf4 Qc8 14. Kh2 Kh8 15. Bd2 Nd4 16. b3 e5 17. Nfd5 Ne6 18. f4 exf4 19. Nxf4 Nf7 20. Nfd5 fxe4 21. Nxe4 Qd8 22. Bc3 Bc6 23. Bxg7+ Kxg7 24. Nf4 Nxf4 25. Rxf4 Qe7 26. Qd4+ Qe5 27. Rd1 Qxd4 28. Rxd4 Rad8 29. Rf1 d5 30. Nc5 Rd6 31. cxd5 Bd7 32. Rdf4 g5 33. R4f2 Bc8 34. Re1 Rf6 35. Rxf6 Kxf6 36. Ne4+ Kg6 37. Rc1 Ne5 38. Rc7 g4 39. h4 Bf5 40. Rxb7 Nf3+ 41. Bxf3 gxf3 42. Nf2 h5 43. Rb4 Rc8 44. g4 hxg4 45. Nxg4 Kh5 46. Kg3 Rg8 47. Kxf3 Rxg4 48. Rxg4 Bxg4+ 49. Ke3 Kxh4 50. Kd4 Kg5 51. Kc5 Kf6 52. Kd6 Bf3 53. b4 Bd1 54. Kc7 Ba4 55. Kb7 Ke5 56. Kxa7 Kxd5 57. Ka6 Kc4 58. Ka5 Be8 59. a4 Kb3 60. b5 Bd7 61. b6 Bc6 62. Ka6 Kxa4 63. b7 Bxb7+ 64. Kxb7 1/2-1/2

[Event "BL2-Sued 1819"]
[Site "Germany"]
[Date "2019.03.24"]
[Round "10.5"]
[White "Gibicar, Danijel"]
[Black "Gasthofer, Alexander"]
[Result "1/2-1/2"]
[WhiteElo "2267"]
[BlackElo "2417"]
[PlyCount "30"]
[EventDate "2018.11.10"]
[EventType "team-tourn"]
[EventRounds "10"]
[EventCountry "GER"]
[SourceTitle "CBM 190 Extra"]
[Source "ChessBase"]
[SourceDate "2019.07.15"]
[SourceVersion "1"]
[SourceVersionDate "2019.07.15"]
[SourceQuality "1"]
[WhiteTeam "Eppingen"]
[BlackTeam "Bad Mergentheim"]
[WhiteTeamCountry "GER"]
[BlackTeamCountry "GER"]

1. e4 e6 2. d4 d5 3. Nc3 dxe4 4. Nxe4 Nd7 5. Bd3 Ngf6 6. Qe2 c5 7. Nxf6+ Nxf6 8. dxc5 Bxc5 9. Bd2 0-0 10. 0-0-0 e5 11. Qxe5 Bd4 12. Qa5 Bxf2 13. Nf3 Qxa5 14. Bxa5 Be6 15. Rhf1 Bc5 1/2-1/2

[Event "BL2-Sued 1819"]
[Site "Germany"]
[Date "2019.03.22"]
[Round "4.8"]
[White "Gibicar, Danijel"]
[Black "Lorscheid, Gerhard"]
[Result "1-0"]
[WhiteElo "2290"]
[BlackElo "2197"]
[PlyCount "87"]
[EventDate "2018.11.10"]
[EventType "team-tourn"]
[EventRounds "10"]
[EventCountry "GER"]
[SourceTitle "CBM 190 Extra"]
[Source "ChessBase"]
[SourceDate "2019.07.15"]
[SourceVersion "1"]
[SourceVersionDate "2019.07.15"]
[SourceQuality "1"]
[WhiteTeam "Eppingen"]
[BlackTeam "Schoenaich"]
[WhiteTeamCountry "GER"]
[BlackTeamCountry "GER"]

1. e4 d6 2. d4 Nf6 3. Nc3 e5 4. Nf3 Nbd7 5. Bc4 Be7 6. 0-0 Nb6 7. Bd3 exd4 8. Nxd4 0-0 9. Qf3 Nfd7 10. Nf5 Bf6 11. Ne3 Ne5 12. Qe2 c6 13. f4 Nxd3 14. cxd3 Bd4 15. Qf3 d5 16. Ne2 dxe4 17. dxe4 Bc5 18. b4 Bxb4 19. Bb2 Bc5 20. Rac1 Qd2 21. Rxc5 Qxb2 22. Rc2 Qa3 23. f5 Nd7 24. Qg3 f6 25. Nf4 Ne5 26. Kh1 Qe7 27. Rd1 Rd8 28. Rxd8+ Qxd8 29. Nh5 g6 30. fxg6 hxg6 31. Rf2 Qd4 32. Nxf6+ Kg7 33. Qh4 Bf5 34. Nh5+ Kf7 35. Qf6+ Ke8 36. Qh8+ Ke7 37. Qxa8 Qxe3 38. Qxb7+ Kd8 39. Qb8+ Kd7 40. Qb7+ Kd8 41. Qb8+ Kd7 42. Nf6+ Ke6 43. exf5+ Kxf6 44. fxg6+ 1-0

[Event "Pfalz op 10th"]
[Site "Neustadt an der Weinstrasse"]
[Date "2019.03.03"]
[Round "5"]
[White "Muckle, Julius"]
[Black "Gibicar, Danijel"]
[Result "1/2-1/2"]
[WhiteElo "2373"]
[BlackElo "2267"]
[PlyCount "56"]
[EventDate "2019.03.01"]
[EventType "swiss"]
[EventRounds "9"]
[EventCountry "GER"]
[SourceTitle "CBM 189 Extra"]
[Source "ChessBase"]
[SourceDate "2019.06.03"]
[SourceVersion "1"]
[SourceVersionDate "2019.06.03"]
[SourceQuality "1"]

1. d4 Nf6 2. c4 c5 3. d5 b5 4. cxb5 a6 5. bxa6 g6 6. Nc3 Bxa6 7. e4 Bxf1 8. Kxf1 d6 9. Nf3 Bg7 10. g3 0-0 11. Kg2 Nbd7 12. a4 Ra6 13. Qc2 Qa8 14. Nb5 Rc8 15. Bd2 c4 16. Bb4 Nb6 17. a5 Nbxd5 18. exd5 Qb7 19. Qa4 Rb8 20. Nxd6 Qxb4 21. Nxc4 Nxd5 22. Rhc1 Qxa4 23. Rxa4 Bxb2 24. Rb1 Nc3 25. Rxb2 Rxb2 26. Nxb2 Nxa4 27. Nxa4 Rxa5 28. Nc3 f6 1/2-1/2

[Event "Pfalz op 10th"]
[Site "Neustadt an der Weinstrasse"]
[Date "2019.03.02"]
[Round "3"]
[White "Kunin, Vitaly L"]
[Black "Gibicar, Danijel"]
[Result "1-0"]
[WhiteElo "2513"]
[BlackElo "2267"]
[PlyCount "73"]
[EventDate "2019.03.01"]
[EventType "swiss"]
[EventRounds "9"]
[EventCountry "GER"]
[SourceTitle "CBM 189 Extra"]
[Source "ChessBase"]
[SourceDate "2019.06.03"]
[SourceVersion "1"]
[SourceVersionDate "2019.06.03"]
[SourceQuality "1"]

1. d4 Nf6 2. c4 c5 3. d5 b5 4. cxb5 a6 5. b6 Qxb6 6. Nc3 g6 7. e4 d6 8. Be2 Bg7 9. Nf3 Nbd7 10. 0-0 0-0 11. h3 a5 12. Re1 Ba6 13. Bxa6 Qxa6 14. Bf4 Rab8 15. Qd2 Rb4 16. a3 Rb7 17. e5 dxe5 18. Nxe5 Nxe5 19. Bxe5 Rd8 20. Rad1 Rbd7 21. d6 exd6 22. Bxf6 Bxf6 23. Nd5 Bg7 24. Re2 Rb7 25. Rde1 Rf8 26. Re8 Rb8 27. Ne7+ Kh8 28. Rxb8 Rxb8 29. Qd5 Rf8 30. Nc6 Qb7 31. Qxd6 Qxb2 32. Qxc5 a4 33. Ne5 Qb3 34. Re3 Qb1+ 35. Kh2 Qf5 36. Re2 Re8 37. Nxg6+ 1-0

[Event "BL2-Sued 1819"]
[Site "Germany"]
[Date "2019.02.24"]
[Round "8.8"]
[White "Gibicar, Danijel"]
[Black "Weichhold, Pawel"]
[Result "0-1"]
[WhiteElo "2272"]
[BlackElo "2424"]
[PlyCount "70"]
[EventDate "2018.11.10"]
[EventType "team-tourn"]
[EventRounds "10"]
[EventCountry "GER"]
[SourceTitle "CBM 190 Extra"]
[Source "ChessBase"]
[SourceDate "2019.07.15"]
[SourceVersion "1"]
[SourceVersionDate "2019.07.15"]
[SourceQuality "1"]
[WhiteTeam "Eppingen"]
[BlackTeam "Heusenstamm"]
[WhiteTeamCountry "GER"]
[BlackTeamCountry "GER"]

1. e4 c5 2. Nf3 Nc6 3. d4 cxd4 4. Nxd4 e5 5. Nb5 d6 6. N1c3 a6 7. Na3 b5 8. Nd5 Nge7 9. c4 Nd4 10. Bd3 Nxd5 11. cxd5 g6 12. 0-0 Bg7 13. Be3 0-0 14. Rc1 Bd7 15. Qd2 f5 16. Bxd4 fxe4 17. Bxe4 exd4 18. g3 Qf6 19. f4 d3 20. Rf2 Rae8 21. Bxd3 Re7 22. b3 Rfe8 23. Nc2 Qb2 24. Qd1 Bh3 25. f5 gxf5 26. Ne3 Rxe3 27. Rxb2 Bxb2 28. Rb1 Bd4 29. Kh1 Bc3 30. Bf1 Bxf1 31. Qh5 Bd3 32. Qg5+ Kh8 33. Rc1 Bd4 34. h4 Rg8 35. Qf4 Be4+ 0-1

[Event "Verbandsliga Nordbaden 1819"]
[Site "Baden"]
[Date "2018.11.04"]
[Round "2.2"]
[White "Gibicar, Danijel"]
[Black "Hauke, Christian"]
[Result "1-0"]
[WhiteElo "2279"]
[BlackElo "2174"]
[PlyCount "81"]
[EventDate "2018.10.14"]
[EventType "team-tourn"]
[EventRounds "9"]
[EventCountry "GER"]
[SourceTitle "EXT 2020"]
[Source "ChessBase"]
[SourceDate "2019.10.17"]
[SourceVersion "1"]
[SourceVersionDate "2019.10.17"]
[SourceQuality "1"]
[WhiteTeam "Eppingen II"]
[BlackTeam "Bad Mergentheim II"]
[WhiteTeamCountry "GER"]
[BlackTeamCountry "GER"]

1. e4 d6 2. d4 Nf6 3. Nc3 Nbd7 4. f4 e5 5. Nf3 exd4 6. Qxd4 c6 7. Be3 d5 8. 0-0-0 Bc5 9. Qd3 Qe7 10. e5 Ng4 11. Bd4 Bxd4 12. Qxd4 Nh6 13. Bd3 Nc5 14. h3 Bf5 15. g4 Bxd3 16. cxd3 Ne6 17. Qe3 0-0-0 18. d4 Rde8 19. f5 Nc7 20. Rhe1 Ng8 21. Qf4 h6 22. Rd2 Qb4 23. Rde2 Ne7 24. a3 Qc4 25. Nd2 Qa6 26. Qg3 g5 27. Nb3 Qc4 28. Kc2 Nb5 29. Qd3 Kc7 30. Qxc4 dxc4 31. Nxb5+ cxb5 32. Nc5 Nd5 33. Ne4 b4 34. Nd6 b3+ 35. Kd2 Re7 36. Nxc4 Nf4 37. Re4 Nxh3 38. d5 Rd7 39. d6+ Kc6 40. e6 fxe6 41. Ne5+ 1-0

[Event "EU-Cup 34th"]
[Site "Porto Carras"]
[Date "2018.10.16"]
[Round "5.2"]
[White "Gibicar, Danijel"]
[Black "Uruci, Endrit"]
[Result "1-0"]
[WhiteElo "2279"]
[BlackElo "2177"]
[PlyCount "103"]
[EventDate "2018.10.12"]
[EventType "team-swiss"]
[EventRounds "7"]
[EventCountry "GRE"]
[SourceTitle "CBM 187"]
[Source "ChessBase"]
[SourceDate "2018.12.11"]
[SourceVersion "1"]
[SourceVersionDate "2018.12.11"]
[SourceQuality "1"]
[WhiteTeam "Echternach Sprenger"]
[BlackTeam "Dardania"]
[WhiteTeamCountry "LUX"]
[BlackTeamCountry "KOS"]

1. d4 Nf6 2. Nf3 e6 3. e3 b6 4. Bd3 Bb7 5. 0-0 c5 6. c4 Be7 7. Nc3 cxd4 8. exd4 0-0 9. d5 exd5 10. cxd5 d6 11. Re1 Nbd7 12. Bf4 a6 13. Rc1 b5 14. Nd4 Nxd5 15. Nxd5 Bxd5 16. Bxh7+ Kxh7 17. Qh5+ Kg8 18. Qxd5 Nb6 19. Qb7 Rb8 20. Qxe7 Qxe7 21. Rxe7 Nd5 22. Nc6 Nxe7 23. Nxb8 Rxb8 24. Bxd6 Rb7 25. Rc7 Rxc7 26. Bxc7 f6 27. Bf4 Nc6 28. Kf1 Kf7 29. Ke2 Ke6 30. Kd3 Kd5 31. a3 a5 32. Bd2 b4 33. f4 f5 34. h3 g6 35. axb4 axb4 36. g4 fxg4 37. hxg4 Kc5 38. Be3+ Kd5 39. Bd2 Kc5 40. Be3+ Kd5 41. Bb6 g5 42. Be3 gxf4 43. Bxf4 Nd4 44. g5 Ne6 45. Be3 Nf8 46. Bd4 Ne6 47. Be3 Nf8 48. Bd2 Kc5 49. b3 Ne6 50. Ke4 Nd8 51. g6 Ne6 52. Bh6 1-0

[Event "EU-Cup 34th"]
[Site "Porto Carras"]
[Date "2018.10.15"]
[Round "4.2"]
[White "Marzano, Carlo"]
[Black "Gibicar, Danijel"]
[Result "1-0"]
[WhiteElo "2233"]
[BlackElo "2279"]
[PlyCount "146"]
[EventDate "2018.10.12"]
[EventType "team-swiss"]
[EventRounds "7"]
[EventCountry "GRE"]
[SourceTitle "CBM 187"]
[Source "ChessBase"]
[SourceDate "2018.12.11"]
[SourceVersion "1"]
[SourceVersionDate "2018.12.11"]
[SourceQuality "1"]
[WhiteTeam "Lazio Scacchi"]
[BlackTeam "Echternach Sprenger"]
[WhiteTeamCountry "ITA"]
[BlackTeamCountry "LUX"]

1. d4 Nf6 2. c4 e6 3. Nf3 Bb4+ 4. Nbd2 d5 5. a3 Be7 6. Qc2 0-0 7. e3 b6 8. Bd3 Bb7 9. e4 dxe4 10. Nxe4 Nbd7 11. 0-0 c5 12. Rd1 Qc7 13. Bg5 h6 14. Bh4 Nxe4 15. Bxe7 Rfe8 16. Bxe4 Rxe7 17. d5 exd5 18. Bxd5 Bxd5 19. Rxd5 Nf6 20. Rdd1 Rae8 21. Re1 Ne4 22. Re3 Qf4 23. Rae1 Re6 24. g3 Qg4 25. h3 Qf5 26. Nh4 Qh7 27. Kg2 g5 28. Nf3 Qf5 29. R1e2 Kg7 30. b3 Kg8 31. Ne1 Kf8 32. Qb2 f6 33. Qc2 Re5 34. f3 Nxg3 35. Rxe5 Rxe5 36. Rxe5 Qxe5 37. Nd3 Qd6 38. Nf2 Nh5 39. Qh7 Qg3+ 40. Kf1 Qxf3 41. Qxh6+ Kf7 42. Qh7+ Ke6 43. Qg8+ Ke5 44. Ke1 Kd4 45. Nd1 Nf4 46. Qd8+ Ke5 47. Qc7+ Ke6 48. Qc8+ Kf7 49. Qd7+ Kg6 50. Qe8+ Kf5 51. Qd7+ Ne6 52. Kd2 Qg2+ 53. Kd3 Qe4+ 54. Kc3 Qd4+ 55. Qxd4 Nxd4 56. Ne3+ Ke4 57. Nd5 f5 58. b4 f4 59. Kd2 Nf3+ 60. Ke2 Ng1+ 61. Kf1 Nxh3 62. Kg2 g4 63. bxc5 bxc5 64. Nf6+ Kf5 65. Nd7 f3+ 66. Kh2 Ng5 67. Nxc5 Ne4 68. Nd3 g3+ 69. Kh3 f2 70. Kg2 Nd2 71. Nxf2 gxf2 72. Kxf2 Nxc4 73. Ke2 Ke4 1-0

[Event "EU-Cup 34th"]
[Site "Porto Carras"]
[Date "2018.10.12"]
[Round "1.2"]
[White "Gibicar, Danijel"]
[Black "Thorfinnsson, Bragi"]
[Result "0-1"]
[WhiteElo "2279"]
[BlackElo "2433"]
[PlyCount "94"]
[EventDate "2018.10.12"]
[EventType "team-swiss"]
[EventRounds "7"]
[EventCountry "GRE"]
[SourceTitle "CBM 187"]
[Source "ChessBase"]
[SourceDate "2018.12.11"]
[SourceVersion "1"]
[SourceVersionDate "2018.12.11"]
[SourceQuality "1"]
[WhiteTeam "Echternach Sprenger"]
[BlackTeam "Reykjavik"]
[WhiteTeamCountry "LUX"]
[BlackTeamCountry "ISL"]

1. e4 c5 2. Nf3 e6 3. Nc3 a6 4. d4 cxd4 5. Nxd4 Qc7 6. Bd3 Bc5 7. Nb3 Be7 8. Be3 b5 9. Qe2 Bb7 10. f4 d6 11. a3 Nf6 12. 0-0 h5 13. Kh1 h4 14. f5 e5 15. Bg5 Nh5 16. Be3 Nd7 17. Rad1 Nhf6 18. Qf3 Rc8 19. Rfe1 Nb6 20. Bxb6 Qxb6 21. Nd5 Bxd5 22. exd5 Nh5 23. Qe3 Bd8 24. Nd4 Kf8 25. Nf3 Qxe3 26. Rxe3 Nf6 27. h3 Nxd5 28. Ree1 Nf4 29. Be4 Rh6 30. c3 a5 31. Bb7 Rb8 32. Bc6 Be7 33. Re4 Nh5 34. Kh2 Ng3 35. Re3 Nxf5 36. Red3 Rb6 37. Bd7 e4 38. R3d2 Ne3 39. Re1 Nc4 40. Rde2 d5 41. Nd4 Bd6+ 42. Kg1 Bc5 43. Rd1 Ne5 44. Bc8 Rb8 45. Bg4 Nd3 46. Kh1 Bxd4 47. cxd4 Rc6 0-1